Normal view
MARC view
- علم الاجتماع
Entry Topical Term
001 - CONTROL NUMBER
- control field: 19857
003 - CONTROL NUMBER IDENTIFIER
- control field: JO-AjAnu
005 - DATE AND TIME OF LATEST TRANSACTION
- control field: 20230606073449.0
008 - FIXED-LENGTH DATA ELEMENTS
- fixed length control field: 230606|| aca||aabn | a|a d
040 ## - CATALOGING SOURCE
- Original cataloging agency: JO-AjAnu
- Transcribing agency: JO-AjAnu
150 ## - HEADING--TOPICAL TERM
- Topical term or geographic name entry element: علم الاجتماع
670 ## - SOURCE DATA FOUND
- Source citation: Work cat.: (JO-AjAnu)10194: الحسن، احسان محمد, author 19856, التصنيع وتغير المجتمع= Industrialization and Social Change